000 00926cam a2200277 a 4500
001 84611998
003 OSt
005 20250908110328.0
008 070216s2008 ne a b 001 0 eng
020 _a9780126394825 (Hardcover)
020 _a9780120885381 (Volume 3)
024 _cUSD484.00
040 _aNLM
_beng
_erda
_cNLM
_dNUST
050 _aQP431 SEN
245 0 4 _aThe senses :
_ba comprehensive reference /
_cedited by Peter Dallos and Donata Oertel.
260 _aAmsterdam :
_bElsevier,
_c©2008.
300 _axxxvi, 970 pages :
_bIllustrations ;
_c27 cm.
336 _atext
_btxt
_2rdacontent
337 _aunmediated
_bn
_2rdamedia
338 _avolume
_bnc
_2rdacarrier
504 _aIncludes bibliographical references and indexes.
650 0 _aSenses and sensation.
700 1 _aDallos, Peter
_eEditor
700 1 _aOertel, Donata
_eEditor
942 _2lcc
_cBOOKS
_hQP431 SEN
_kQP
_mSEN
_n0
999 _c172353
_d172353